Normal view
MARC view
- محمد، سامي يوسف كمال
Entry Personal Name
001 - CONTROL NUMBER
- control field: 44155
003 - CONTROL NUMBER IDENTIFIER
- control field: JO-AjAnu
005 - DATE AND TIME OF LATEST TRANSACTION
- control field: 20230606081319.0
008 - FIXED-LENGTH DATA ELEMENTS
- fixed length control field: 230606|| aca||aabn | a|a d
040 ## - CATALOGING SOURCE
- Original cataloging agency: JO-AjAnu
- Transcribing agency: JO-AjAnu
100 ## - HEADING--PERSONAL NAME
- Personal name: محمد، سامي يوسف كمال
670 ## - SOURCE DATA FOUND
- Source citation: Work cat.: (JO-AjAnu)22609: محمد، سامي يوسف كمال , author, الصكوك المالية الإسلامية